| 000 | 01206naa a22002777a 4500 | ||
|---|---|---|---|
| 001 | BR0104275 | ||
| 003 | BR-BrBNA | ||
| 005 | 20240918181927.0 | ||
| 007 | ta | ||
| 008 | 230509b bl.||||| |||| 00| 0 por d | ||
| 040 |
_aBR-BrBNA _bpor _cBiblioteca Nacional de Agricultura |
||
| 041 | _a(Pt) | ||
| 072 |
_aE14 _b1850 |
||
| 090 | _aE14 BR0104275 | ||
| 100 | 1 | _aVilela, N.J. | |
| 245 | 1 | _aCompetitividade da cadeia agroindustrial do tomate em Goias | |
| 260 | 3 |
_aBrasilia, DF (Brasil): _c2001. |
|
| 500 | _aVieira, R. de C.M.T.; Teixeira Filho, A.R.; Oliveira, A.J. de; Lopes, M.R.(eds.) Cadeias produtivas no Brasil; analise da competitividade Brasilia, DF (Brasil): 2001. p. 397-418 (BR0104275-AM)E14 | ||
| 650 | _aTomate | ||
| 650 | _aIndustria Agricola | ||
| 650 | _aCadeia Produtiva | ||
| 650 | _aGoias | ||
| 773 | 0 |
_tCadeias produtivas no Brasil; analise da competitividade _aVieira, R. de C.M.T.; Teixeira Filho, A.R.; Oliveira, A.J. de; Lopes, M.R.(eds.). Empresa Brasileira de Pesquisa Agropecuaria, Brasilia, DF (Brasil). Secretaria de Administracao Estrategica _wE14 BR0104275 _gBrasilia, DF (Brasil), 2001. p. 397-418 |
|
| 909 |
_a202404 _bLucia _c55 _dLucia Elande |
||
| 942 |
_cAM _2AGRIS |
||
| 999 |
_c327539 _d327539 |
||